000 00650cam a22002291 4500
001 sa 64003809
003 DLC
005 20260227112020.0
008 741202s1963 ii b 000 0 eng
010 _asa 64003809
035 _a(OCoLC)1096371
040 _aDLC
_cTxShA
_dOCoLC
_dDLC
042 _apremarc
050 0 0 _aDS435
_b.D3 1963
100 1 _aDatta, Kalikinkar,
_d1905-
245 1 2 _aA survey of recent studies on modern Indian history.
250 _a[2d ed.]
260 _aCalcutta,
_bFirma K.L. Mukhopadhyay,
_c1963.
300 _a115 p.
_c23 cm.
504 _aBibliographical footnotes.
651 0 _aIndia
_xHistory
_xHistoriography.
999 _c58137
_d58137